<?xml version="1.0" encoding="UTF-8"?>
<record
    xmlns:xsi="http://www.w3.org/2001/XMLSchema-instance"
    xsi:schemaLocation="http://www.loc.gov/MARC21/slim http://www.loc.gov/standards/marcxml/schema/MARC21slim.xsd"
    xmlns="http://www.loc.gov/MARC21/slim">

  <leader>03446nam a2200433 a 4500</leader>
  <controlfield tag="001">dia_853</controlfield>
  <controlfield tag="003">CHAP</controlfield>
  <controlfield tag="005">20251118182510.0</controlfield>
  <controlfield tag="007">ta</controlfield>
  <controlfield tag="008">220117s1986    mx d   frm    001 0 spa d</controlfield>
  <datafield tag="010" ind1=" " ind2=" ">
    <subfield code="a">171402</subfield>
  </datafield>
  <datafield tag="040" ind1=" " ind2=" ">
    <subfield code="c">CHAP</subfield>
    <subfield code="a">mxchpua</subfield>
    <subfield code="e">rda</subfield>
  </datafield>
  <datafield tag="041" ind1="0" ind2=" ">
    <subfield code="a">spa</subfield>
    <subfield code="b">spa</subfield>
  </datafield>
  <datafield tag="090" ind1=" " ind2=" ">
    <subfield code="a">Tesis</subfield>
    <subfield code="b">C37</subfield>
    <subfield code="c">1986</subfield>
  </datafield>
  <datafield tag="100" ind1="1" ind2=" ">
    <subfield code="a">Castell&#xF3;n Anaya, Jos&#xE9; Pr&#xF3;spero</subfield>
  </datafield>
  <datafield tag="245" ind1="1" ind2="0">
    <subfield code="a">Fisiolog&#xED;a del desarrollo del fruto del pitayo (Stenocereus griseus Haworth) y su aprovechamiento en la elaboraci&#xF3;n de mermelada /</subfield>
    <subfield code="c">Jos&#xE9; Prospero Castellon Anaya y Efr&#xE9;n del Toro Maga&#xF1;a</subfield>
  </datafield>
  <datafield tag="264" ind1=" " ind2=" ">
    <subfield code="a">Chapingo, M&#xE9;xico :</subfield>
    <subfield code="b">El autor,</subfield>
    <subfield code="c">1986</subfield>
  </datafield>
  <datafield tag="300" ind1=" " ind2=" ">
    <subfield code="a">iii, 87 hojas :</subfield>
    <subfield code="b">gr&#xE1;ficas, tablas</subfield>
  </datafield>
  <datafield tag="336" ind1=" " ind2=" ">
    <subfield code="2">rdacontent</subfield>
    <subfield code="a">texto</subfield>
    <subfield code="b">txt</subfield>
  </datafield>
  <datafield tag="337" ind1=" " ind2=" ">
    <subfield code="2">rdamedia</subfield>
    <subfield code="a">no mediado</subfield>
    <subfield code="b">n</subfield>
  </datafield>
  <datafield tag="338" ind1=" " ind2=" ">
    <subfield code="2">rdacarrier</subfield>
    <subfield code="a">volumen</subfield>
    <subfield code="b">nc</subfield>
  </datafield>
  <datafield tag="502" ind1=" " ind2=" ">
    <subfield code="a">Tesis </subfield>
    <subfield code="b">(Ingeniero Agr&#xF3;nomo Especialista en Industrias Agr&#xED;colas) :</subfield>
    <subfield code="b">(Ingeniero Agroindustrial) --</subfield>
    <subfield code="c">UACh. Departamento de Industrias Agr&#xED;colas :</subfield>
    <subfield code="c">UACh. Departamento de Ingenier&#xED;a Agroindustrial,</subfield>
    <subfield code="d">1986</subfield>
  </datafield>
  <datafield tag="504" ind1=" " ind2=" ">
    <subfield code="a">Bibliograf&#xED;a: hojas 78-82</subfield>
  </datafield>
  <datafield tag="520" ind1="3" ind2=" ">
    <subfield code="a">La pitaya (Stenocereus griseus Haworth) es una cact&#xE1;cea caracter&#xED;stica de algunas zonas semi&#xE1;ridas y &#xE1;ridas de M&#xE9;xico, de la cual se aprovecha su fruto para consumo en fresco o bien industrializado r&#xFA;sticamente en forma de mermeladas y pulpas concentradas. Actualmente representa una alternativa de ingresos econ&#xF3;micos para los habitantes de estas regiones, donde por la poca precipitaci&#xF3;n y mala calidad de los suelos, no es posible la explotaci&#xF3;n de otros cultivos. En el presente trabajo se estudiaron los tipos rojo y amarillo de pitaya de mayo (Stenocereus griseus Haworth) en Santo Domingo Tianguistengo, Oaxaca y Tepeyahualco de Cuauhtemoc, Puebla. Se caracteriz&#xF3; su fisiolog&#xED;a del desarrollo mediante la medici&#xF3;n de cambios en volumen, di&#xE1;metro, longitud, peso total, acidez titulable, carotenoides, antocianinas, vitamina "C", humedad, respiraci&#xF3;n y az&#xFA;cares. Se buscaron las mejores condiciones en la elaboraci&#xF3;n de mermelada a nivel planta piloto; empleando diferentes niveles de pectina y pH. Se encontr&#xF3; un patr&#xF3;n de crecimiento doble sigmoidal, adem&#xE1;s de que los par&#xE1;metros empleados para caracterizar la fisiolog&#xED;a del fruto mostraron diferencias significativas entre tipos y lugares, las cuales se atribuyen al efecto del clima y a posibles diferencias genot&#xED;picas. La etapa de endurecimiento y cambio de color de las semillas afect&#xF3; negativamente al contenido de az&#xFA;cares y &#xE1;cidos. En la elaboraci&#xF3;n de mermelada, los tratamientos con pH natural y nivel de pectina de 10 a 15 gr/kg de az&#xFA;car utilizada fueron los mejores, sin embargo, se presentaron p&#xE9;rdidas en sabor y aroma del producto. Se observ&#xF3; una alta estabilidad del color en el producto elaborado de los frutos del tipo rojo.&#xA0;</subfield>
  </datafield>
  <datafield tag="650" ind1="1" ind2="3">
    <subfield code="a">Stenocereus griseus</subfield>
    <subfield code="2">atg</subfield>
    <subfield code="x">Desarrollo de la planta</subfield>
  </datafield>
  <datafield tag="650" ind1="1" ind2="3">
    <subfield code="a">Conservas  </subfield>
    <subfield code="2">atg</subfield>
  </datafield>
  <datafield tag="650" ind1="1" ind2="3">
    <subfield code="a">Mermeladas  </subfield>
    <subfield code="2">atg</subfield>
  </datafield>
  <datafield tag="650" ind1="1" ind2="3">
    <subfield code="a">Stenocereus griseus</subfield>
    <subfield code="2">atg</subfield>
    <subfield code="x">Plant development</subfield>
  </datafield>
  <datafield tag="650" ind1="1" ind2="3">
    <subfield code="a">Preserves</subfield>
    <subfield code="2">atg</subfield>
  </datafield>
  <datafield tag="650" ind1="1" ind2="3">
    <subfield code="a">Jams</subfield>
    <subfield code="2">atg</subfield>
  </datafield>
  <datafield tag="700" ind1="1" ind2=" ">
    <subfield code="a">Toro Maga&#xF1;a, Efr&#xE9;n del</subfield>
    <subfield code="e">autor</subfield>
  </datafield>
  <datafield tag="700" ind1="1" ind2=" ">
    <subfield code="a">Cruz Hern&#xE1;ndez, Jos&#xE9; Pablo</subfield>
    <subfield code="e">director</subfield>
  </datafield>
  <datafield tag="700" ind1="1" ind2=" ">
    <subfield code="a">Saucedo Veloz, Crescenciano</subfield>
    <subfield code="e">asesor</subfield>
  </datafield>
  <datafield tag="700" ind1="1" ind2=" ">
    <subfield code="a">Vence Gardu&#xF1;o, Javier</subfield>
    <subfield code="e">asesor</subfield>
  </datafield>
  <datafield tag="901" ind1=" " ind2=" ">
    <subfield code="a">TESIS C37 1986</subfield>
  </datafield>
  <datafield tag="902" ind1=" " ind2=" ">
    <subfield code="a">M</subfield>
  </datafield>
  <datafield tag="905" ind1=" " ind2=" ">
    <subfield code="a">0000001986                          mx A   0000000000spa00</subfield>
  </datafield>
  <datafield tag="942" ind1=" " ind2=" ">
    <subfield code="c">TESIS</subfield>
    <subfield code="2">Clasificaci&#xF3;n Universidad Aut&#xF3;noma Chapingo</subfield>
  </datafield>
  <datafield tag="999" ind1=" " ind2=" ">
    <subfield code="c">171402</subfield>
    <subfield code="d">171402</subfield>
  </datafield>
  <datafield tag="952" ind1=" " ind2=" ">
    <subfield code="0">0</subfield>
    <subfield code="1">0</subfield>
    <subfield code="2">local</subfield>
    <subfield code="4">0</subfield>
    <subfield code="5">1</subfield>
    <subfield code="7">0</subfield>
    <subfield code="8">TESIS</subfield>
    <subfield code="a">IA_</subfield>
    <subfield code="b">IA_</subfield>
    <subfield code="e">El autor</subfield>
    <subfield code="l">0</subfield>
    <subfield code="o">Tesis C37 1986</subfield>
    <subfield code="p">1101016228</subfield>
    <subfield code="r">2026-02-02 00:00:00</subfield>
    <subfield code="t">Ej. 1</subfield>
    <subfield code="y">TESIS</subfield>
  </datafield>
  <datafield tag="952" ind1=" " ind2=" ">
    <subfield code="0">0</subfield>
    <subfield code="1">0</subfield>
    <subfield code="2">local</subfield>
    <subfield code="4">0</subfield>
    <subfield code="5">5</subfield>
    <subfield code="7">0</subfield>
    <subfield code="8">TESIS</subfield>
    <subfield code="a">IA_</subfield>
    <subfield code="b">IA_</subfield>
    <subfield code="d">2025-11-18</subfield>
    <subfield code="e">El autor</subfield>
    <subfield code="l">0</subfield>
    <subfield code="o">Tesis C37 1986</subfield>
    <subfield code="p">1101016229</subfield>
    <subfield code="r">2026-02-02 00:00:00</subfield>
    <subfield code="t">Ej. 2</subfield>
    <subfield code="w">2025-11-18</subfield>
    <subfield code="y">TESIS</subfield>
  </datafield>
</record>
